Petlák, E., Fenyvesiová, L.: Interakcia vo vyučovaní

Bibliographic Details
Main Author: Majerová, Tatiana (Author)
Format: Article
Language:Slovak
Subjects:

MARC

LEADER 00000nab a2200000 a 4500
001 vtls010035426
003 SK-MaSNL
005 20260303045526.0
008 140912c20082009xo mr|p||| |000 b|slo
015 |a SNBRB2010/01 
038 |a SPK 
040 |a SPKCL  |b slo  |c 2001  |e AACR2 
041 0 |a slo 
044 |a xo  |c SK 
072 7 |a 316.4  |x Sociálne procesy  |2 konspekt 
072 7 |a 371  |x Školstvo (organizácia)  |2 konspekt 
080 |a 316.454.54  |2 1997 
080 |a 371.214.46  |2 1997 
100 1 |a Majerová, Tatiana  |4 aut  |9 353441 
245 1 0 |a Petlák, E., Fenyvesiová, L.: Interakcia vo vyučovaní  |c Tatiana Majerová 
650 0 7 |a interakcie  |2 snkbucl  |9 1036292 
650 0 7 |a vyučovanie  |2 snkbucl  |9 1522 
650 0 7 |a monografie  |2 snkbucl  |9 256509 
655 7 |a recenzie  |2 snkbucl  |9 21907 
773 0 |t Predškolská výchova  |g Roč. 63, č. 2 (2008/2009), s. 
787 0 8 |i Rec.:  |a Petlák, E.  |t Interakcia vy vyučovaní  |d IRIS : Bratislava, 2009  |z 9788089256310 
787 0 8 |i Rec.:  |a Fenyvesiová, L.  |t Interakcia vy vyučovaní  |d IRIS : Bratislava, 2009  |z 9788089256310 
852 |a SPK  |b KIS3GCP 
958 |a RC  |2 snkbucl 
999 |c 1704049  |d 1705979